000 00578 a2200205 4500
001 62013
005 20260407155914.0
008 260407a1956 arg spa d
003 AR-UNSa-BCEJYS
040 _aAR-UNSa-BCEJYS
_bspa
_cAR-UNSa-BCEJYS
080 _a349.2
_xDerecho del Trabajo
245 1 0 _aLineamientos de derecho del trabajo
250 _a3a. ed.
264 1 _aBuenos Aires :
_bTEA (Tipográfica Editora Argentina)
_c1956
300 _a661 p.
_c23 cm.
041 _aspa
942 _cBK
590 _aniveau_biblio:m niveau_hierar:0
100 1 _aDeveali, Mario L.
999 _c7544
_d7544